LEADER 01247nam0-22003731i-450- 001 990001323000403321 010 $a3-540-54120-9 035 $a000132300 035 $aFED01000132300 035 $a(Aleph)000132300FED01 035 $a000132300 100 $a20000920d1991----km-y0itay50------ba 101 0 $aeng 200 1 $aDelay differential equations and dynamical systems$eProceedings of a Conference in honor of Kenneth Cooke held in Claremont, California, Jan. 13-16, 1990$feditors Stavros Bussenberg, Mario Martelli. 210 $aBerlin$cSpringer-Verlag$dc1991. 215 $aVIII, 249 p.$d25 cm 225 1 $aLecture Notes in Mathematics$v1475 . 610 0 $aTeoria qualitativa$aCongressi 610 0 $aTeoria della stabilita$aCongressi 610 0 $aEquazioni differenziali ordinarie$aCongressi 676 $a515.352 702 1$aBusenberg,$bStavros N. 702 1$aCook E,$bKenneth 702 1$aMartelli,$bMario$f<1925-2007> 801 0$aIT$bUNINA$gRICA$2UNIMARC 901 $aBK 912 $a990001323000403321 952 $aC-20-(1475$b9012$fMA1 959 $aMA1 962 $a34CXX 962 $a34DXX 996 $aDelay differential equations and dynamical systems$981351 997 $aUNINA DB $aING01 LEADER 03113 am 2200565 n 450 001 9910231242503321 005 20170426 010 $a2-88224-173-9 024 7 $a10.4000/books.ies.466 035 $a(CKB)4100000001037470 035 $a(FrMaCLE)OB-ies-466 035 $a(oapen)https://directory.doabooks.org/handle/20.500.12854/61290 035 $a(PPN)22148390X 035 $a(EXLCZ)994100000001037470 100 $a20171128j|||||||| ||| 0 101 0 $afre 135 $auu||||||m|||| 181 $ctxt$2rdacontent 182 $cc$2rdamedia 183 $acr$2rdacarrier 200 10$aTravailler pour s?insérer $eDes réponses actives face au chômage et à l?exclusion : les entreprises de réinsertion /$fChristophe Dunand, Anne-Lise du Pasquier 210 $aGenève $cÉditions ies$d2017 215 $a1 online resource (103 p.) 311 $a2-88224-076-7 330 $aLa privation de travail constitue un facteur d'exclusion important, et travailler reste la principale manière d'exister dans notre société. Ainsi l'insertion est aujourd'hui considérée comme une mesure prioritaire de politique sociale en réponse aux problèmes de pauvreté, d'exclusion et de chômage. Cet ouvrage aborde le rôle que jouent les entreprises d'insertion par l'économique et donne à voir non seulement leur importance, souvent mal connue dans le paysage romand, mais aussi leur originalité et la complexité de leur fonctionnement. Les entreprises d'insertion ont pour ambition d'être une passerelle vers l'emploi pour des hommes et des femmes qui ne sont plus ou pas encore sur le marché du travail. Elles offrent, à des personnes peu ou pas qualifiées, des travaux très variés couplés à une formation, dans le but de leur permettre de reprendre pied dans la vie active en sortant du chômage ou de l'assistance publique. Les auteurs, eux-mêmes acteurs de terrain impliqués, notamment dans la constitution des premiers réseaux romands, nous livrent un ensemble d'observations et de réflexions autour de l'insertion par l'économique : la prise en charge, l'évolution du profil des bénéficiaires et des professionnels, et le management de ces entreprises sans but lucratif (associations ou fondations le plus souvent) qui fonctionnent comme des PME, dans une tension permanente entre l'économique et le social. 606 $aSocial Work & Social Policy 606 $ainsertion 606 $aexclusion 606 $achômage 606 $aprécarité 606 $atravail 610 $achômage 610 $atravail 610 $aexclusion 610 $ainsertion 610 $aprécarité 615 4$aSocial Work & Social Policy 615 4$ainsertion 615 4$aexclusion 615 4$achômage 615 4$aprécarité 615 4$atravail 700 $aDunand$b Christophe$01281370 701 $adu Pasquier$b Anne-Lise$01332882 701 $aFlückiger$b Yves$01332883 801 0$bFR-FrMaCLE 906 $aBOOK 912 $a9910231242503321 996 $aTravailler pour s?insérer$93041080 997 $aUNINA LEADER 01355nam2 2200337 i 450 001 CFI0092800 005 20251003044120.0 010 $a8814015163 020 $aIT$b89-5058 100 $a20130827d1988 ||||0itac50 ba 101 | $aita 102 $ait 181 1$6z01$ai $bxxxe 182 1$6z01$an 200 1 $a3$eStudi di storia del diritto, filosofia e teoria generale del diritto,studi vari 210 $aMilano$cA. Giuffrè$d1988 215 $aVIII, 415 p.$d26 cm. 225 | $aPubblicazioni della Facoltà di giurisprudenza$fUniversità di Catania$v115 410 0$1001CFI0012431$12001 $aPubblicazioni della Facoltà di giurisprudenza$fUniversità di Catania$v115$171201$aUniversità degli studi di Catania$b : Facoltà di giurisprudenza$3CFIV007481 461 1$1001CFI0092720$12001 $aStudi in memoria di Mario Condorelli$v3 606 $aDiritto$xStudi$2FIR$3CFIC002814$9E 676 $a340$9DIRITTO$v21 696 $aAspetti giuridici 699 $aDiritto$zAspetti giuridici 801 3$aIT$bIT-000000$c20130827 850 $aIT-BN0095 912 $aCFI0092800 950 2$aBiblioteca Centralizzata di Ateneo$c1 v.$d 01D (AR) 8 566$e 01AR 0070085665 VMA 1 v.$fY $h20151007$i20151007 977 $a 01 996 $a3$961479 997 $aUNISANNIO